| 000 -LEADER |
| fixed length control field |
00406nam a22001217a 4500 |
| 008 - FIXED-LENGTH DATA ELEMENTS--GENERAL INFORMATION |
| fixed length control field |
251002b ||||| |||| 00| 0 eng d |
| 020 ## - INTERNATIONAL STANDARD BOOK NUMBER |
| International Standard Book Number |
9781481430814 |
| 082 ## - DEWEY DECIMAL CLASSIFICATION NUMBER |
| Classification number |
591.47 WAR |
| 100 ## - MAIN ENTRY--PERSONAL NAME |
| Personal name |
WARD,JENNIFER |
| Relator term |
AUTHOR |
| Language of a work |
ENGLISH |
| 245 ## - TITLE STATEMENT |
| Title |
FEATHERS AND HAIR WHAT ANIMALS WEAR |
| 260 ## - PUBLICATION, DISTRIBUTION, ETC. |
| Place of publication, distribution, etc. |
130 AVENUE OF THE AMERICAS, NEW YORK, NEW YORK 10020 |
| Name of publisher, distributor, etc. |
SIMON & SCHUSTER CHILDREN'S PUBLISHING DIVISION |
| Date of publication, distribution, etc. |
2017 |
| 942 ## - ADDED ENTRY ELEMENTS (KOHA) |
| Source of classification or shelving scheme |
|